Luke Combs Songs as Emojis - Statistics

General Stats
  • This quiz has been taken 199 times
  • The average score is 6 of 10
Answer Stats
Hint Answer % Correct
β©πŸš— Fast Car
95%
😍πŸ€ͺ Beautiful Crazy
89%
πŸΊπŸš«πŸ’” Beer Never Broke My Heart
85%
πŸŒ€β›ˆ Hurricane
74%
πŸ–β˜˜οΈ 5 Leaf Clover
68%
πŸ₯ΆπŸ«΅ Cold As You
53%
πŸΊπŸ—‘ Beer Can
43%
πŸŒ™πŸ‡²πŸ‡½ Moon Over Mexico
36%
πŸ‘©β€β€οΈβ€πŸ‘¨>πŸ™Žβ€β™‚οΈ Better Together
32%
πŸ¦ŠπŸ“πŸ  Fox in the Henhouse
31%
No matching quizzes found
Score Distribution
Percent of People with Each Score
Percentile by Number Answered
Your Score History
You have not taken this quiz